00423nam a22001457a 4500003000400000005001700004008004100021020001800062040002200080082001400102100002700116245006200143260005400205300001800259OSt20221031152242.0221031b |||||||| |||| 00| 0 eng d a1 875632 66 2 cBiblioteca Lado V 2708aK37p aKent, Rachelecuradora aPrimavera 1999/bThe belinda exhibition of young artists/ aSidneybMuseo de Arte Contemporaneo, Sydneyc1999 a31p.c21x25cm